Statistics for Papa Palpatine Quiz

Click here to take the quiz!

General Stats

  • This quiz has been taken 39 times
  • The average score is 18 of 22

Answer Stats

HintAnswer% Correct
His third and final apprenticeDarth Vader
96%
Person who killed himDarth Vader
96%
Home PlanetNaboo
96%
His first apprenticeDarth Maul
92%
His second apprenticeCount Dooku
88%
His Sith titleDarth Sidious
88%
Bounty Hunter he used as a genetic template for his clone armyJango Fett
88%
Gungan who granted him emergency powersJar Jar Binks
88%
"I am the ______"Senate
88%
Ep 2 & Ep 3 titleSupreme Chancellor
88%
His MasterDarth Plagueis
83%
Ep 5 & Ep 6 titleEmperor
83%
First NameSheev
83%
"It's _______ then"treason
83%
Grandmaster he battled in the Senate ChambersYoda
83%
Black jedi he killedMace Windu
79%
Phantom Menace titleSenator
75%
"A ________ to be sure, but a welcome one"surprise
63%
His BattlestationThe Death Star
63%
How much power does he have?UNLIMITED POWERRRRRRRRRRR
58%
Droid General he deceived during the Clone WarsGeneral Grievous
46%
The story he tells Anakin about at the Senate OperaTradegy of Darth Plagueis the Wise
46%

Score Distribution

Percentile by Number Answered

Percent of People with Each Score

Your Score History

You have not taken this quiz